| 000 | | | 04301nac2a22002893x 450 |
| 001 | | | c85bfecf-00f1-4441-b5b4-14e5ed13923a |
| 005 | | | 20220208075509.0 |
| 100 | ## | $a | 20211219l19261927k y0rusy50 ca |
| 101 | 0# | $a | rus |
| | $a | mul |
| 102 | ## | $a | RU |
| 105 | ## | $a | y z ||||| |
| 122 | 2# | $a | d19261217 |
| | $a | d19270510 |
| 200 | 1# | $a | Об отнесении на обществ. бюджет расходов по допризывн. подготовке железнодорожн. рабочих и служащих |
| | $j | 17.12.1926 - 10.05.1927 |
| 215 | ## | $a | 23 листа |
| 251 | ## | $c | Дело |
| 300 | ## | $a | Заголовок дела на папке: Об отнесении на общественный бюджет расходов по допризывной подготовке железнодорожных рабочих и служащих |
| 300 | ## | $a | Часть текста на языках народов СССР |
| 300 | ## | $a | В деле обратная нумерация |
| 300 | ## | $a | Часть текста машинописная и рукописная, часть - напечатана типографским способом |
| 324 | ## | $a | В деле имеются копии отдельных документов |
| 461 | #0 | $1 | 001796d4672-8a00-4986-b488-6e42273792cc |
| | $1 | 2001 |
| | $a | ЦЕНТРАЛЬНЫЙ ИСПОЛНИТЕЛЬНЫЙ КОМИТЕТ СССР (ЦИК СССР) |
| | $1 | 251 |
| | $c | Фонд |
| | $1 | 852 |
| | $j | 3316 |
| | $g | Р |
| 462 | #0 | $1 | 001e365b2fb-f374-4764-a068-dc9012f0aaee |
| | $1 | 2001 |
| | $a | Дела Секретариата Президиума ЦИК Союза ССР за 1926 г. |
| | $v | Д. 529 |
| | $1 | 251 |
| | $c | Опись |
| | $1 | 852 |
| | $j | 19 |
| 517 | 1# | $a | Об отнесении на общественный бюджет расходов по допризывной подготовке железнодорожных рабочих и служащих |
| 601 | 01 | $3 | RU\NLR\AUTH\880357276 |
| | $a | СССР |
| | $b | ЦИК |
| 801 | #0 | $a | RU |
| | $b | GA_RF |
| 801 | #1 | $a | RU |
| | $b | ГлавНИВЦ |
| | $c | 20211219 |
| | $2 | rusmarc |
| 801 | #2 | $a | RU |
| | $b | ПБ им. Б.Н. Ельцина |
| | $c | 20220208 |
| | $g | RCR |
| | $2 | rusmarc |
| 852 | ## | $a | ГА РФ |
| | $j | 529 |
| 937 | ## | $d | 174035047 |
| | $h | ГАРФ |
| 035 | ## | $a | RuPRLIB51066804 |
| 856 | ## | $u | http://readingroom.main.prlib.ru/item.aspx?id_node=n174035047&mode=full |